| 000 | 00977nam a22001817a 4500 | ||
|---|---|---|---|
| 008 | 110122s1999 ua|||||r|||| 000 0 ara d | ||
| 082 |
_a342 _bف ت ا |
||
| 100 |
_922134 _aعبد الفتاح ، هشام محمد فوزي |
||
| 245 |
_aرقابة دستورية القوانين : _bدراسة مقارنة بين أمريكا ومصر / _cهشام فوزي عبد الفتاح ؛ تقديم محمد مرغني خيري |
||
| 260 |
_aالقاهرة : _bمركز القاهرة لدراسات حقوق الانسان ، 1999 _c1999 |
||
| 300 |
_a392 ص ؛ _c25 سم |
||
| 500 | _aأطروحة دكتوراه بعنوان رقابة دستورية القوانين بين أمريكا ومصر، 1998 | ||
| 541 |
_aد. باسم أحمد ؛ _cلإهداء ؛ |
||
| 650 |
_922135 _aدستورية القوانين |
||
| 650 |
_922136 _aسيادة القانون |
||
| 650 |
_922137 _aالرقابة القضائية على دستورية القوانين |
||
| 942 |
_2ddc _cBB |
||
| 999 |
_c14943 _d14943 |
||